Retelling the Ramayana: (Record no. 58902)

MARC details
000 -LEADER
fixed length control field 01282nam a22002537a 4500
005 - DATE AND TIME OF LATEST TRANSACTION
control field 20111202103240.0
010 ## - LCCN (DPL NO)
LC control number B-444793-794
020 ## - INTERNATIONAL STANDARD BOOK NUMBER
International Standard Book Number 9780195666236
Terms of availability 275.00
020 ## - INTERNATIONAL STANDARD BOOK NUMBER
International Standard Book Number 0195666232
Terms of availability 275.00
035 ## - SYSTEM CONTROL NUMBER
System control number B-444793-794
037 ## - SOURCE OF ACQUISITION
Source of stock number/acquisition Allied Pub/Ven
100 ## - MAIN ENTRY--PERSONAL NAME
Personal name Nair, C.N. Sreekantan
245 ## - TITLE STATEMENT
Title Retelling the Ramayana:
Statement of responsibility, etc by C.N. Sreekantan Nair [and] Sarah Joseph; translated from the Malayalam by Vasanthi Sankaranarayanan
Remainder of title voices from Kerala /
260 ## - PUBLICATION, DISTRIBUTION, ETC. (IMPRINT)
Place of publication, distribution, etc New Delhi
Name of publisher, distributor, etc Oxford University Press
Date of publication, distribution, etc 2011
270 ## - ADDRESS
Address YMCA Library Building, Jai Singh Road,
City New Delhi
Postal code 110001
300 ## - PHYSICAL DESCRIPTION
Extent xxiv, 157p.
Dimensions 24cm (Hb)
500 ## - GENERAL NOTE
General note Includes glossary
700 ## - ADDED ENTRY--PERSONAL NAME
Personal name Joseph, Sarah
9 (RLIN) 36426
700 ## - ADDED ENTRY--PERSONAL NAME
Personal name Sankaranarayanan, Vasanthi
9 (RLIN) 36427
942 ## - ADDED ENTRY ELEMENTS (KOHA)
Source of classification or shelving scheme Dewey Decimal Classification
Item type English Books
Call number suffix NAI
Classification part 872.08
Holdings
Withdrawn status Lost status Not for loan Collection code Home library Current library Date acquired Source of acquisition Cost, normal purchase price Full call number Barcode Copy number Cost, replacement price Koha item type
      Non-fiction Central Library Central Library 05/01/2012 Allied/1045/13.09.11/78/14.3.11/12.10.2011 275.00 872.08 NAI B-444793 1 275.00 English Books
      Non-fiction Sarojini Nagar Sarojini Nagar 05/01/2012 Allied/1045/13.09.11/78/14.3.11/12.10.2011 275.00 872.08 NAI B-444794 1 275.00 English Books

© Delhi Public Library
Hit Counter
free hit counter